| 000 | 00339nam a2200133Ia 4500 | ||
|---|---|---|---|
| 005 | 20251222140043.0 | ||
| 008 | 251222s1900||||xx |||||||||||||| ||spa|| | ||
| 020 | _a84-7057-255-5 | ||
| 082 | _a231/K94 | ||
| 100 | _a"Küng, Hans" | ||
| 245 | 0 | _aExiste Dios? Respuesta al problema de Dios en nuestro tiempo | |
| 250 | _a2a.ed. | ||
| 942 | _cLIB | ||
| 999 |
_c3357 _d3357 |
||